=LDR 00000nam 2200000 4500 =001 INLIS000000000029403 =005 20130612131634 =008 ***********************************Ind** =035 ##$$0010-061300000029403 =041 ##$$a Ind =082 ##$$a 740 =090 ##$$a 740, Sid g =100 ##$$a Sidin, Tino =245 ##$$a Gambar Dekoratif, oleh Tino Sidin =260 ##$$a 1992 $b Jakarta =300 ##$$a 48 hlm, ilus, 21 cm =650 ##$$a Gambar =850 ##$$a NBPNMAT